000 00716nam a2200253 a 4500
001 BRL_1460
005 20190320211222.0
008 160114s1977----u--ao#####---#000-0#eng-#
041 _aeng
044 _au
050 4 _aTT848
_b.R69 1977
100 1 _aRowe, Ann Pollard
_926990
245 1 0 _aWarp-patterned weaves of the Andes
_cby Ann Pollard Rowe.
260 _aWashington, D.C.
_bThe Textile Museum
_c1977
300 _a119 p.
_bil.
_c21 cm.
500 _aAu1638
504 _aBibliografía: p. 116-119
650 1 4 _aTejido a mano
_zAndes
_926991
650 1 4 _aTejido a mano
_zPerú
_926871
650 1 4 _aTejeduría
_zAndes
_926992
650 1 4 _aTejeduría
_zPerú
_926993
902 _aGRL
942 _2lcc
_cB
999 _c10270
_d10270